Jurassic Park Projects - Statistics

General Stats
  • This quiz has been taken 63 times
  • The average score is 9 of 10
Answer Stats
Hint Project % Correct
Movie Jurassic Park
98%
Movie Jurassic World
94%
Movie Jurassic World Dominion
94%
Movie Jurassic World: Fallen Kingdom
94%
Movie Jurassic Park lll
92%
Movie The Lost World: Jurassic Park
92%
Show Jurassic World: Camp Cretaceous
86%
Movie Jurassic World Rebirth
82%
Show Jurassic World: Chaos Theory
74%
Short Film Jurassic World: Battle at Big Rock
64%
No matching quizzes found
Score Distribution
Percent of People with Each Score
Percentile by Number Answered
Your Score History
You have not taken this quiz